Explore

Contents: The visitors; Yogi; coiled lightning; never shoot a medic; junk tanker; missing passenger

Uloženo v:
Podrobná bibliografie
Hlavní autor: Rambeau, John R.
Médium: Kniha
Jazyk:Undetermined
Vydáno: Oklahoma City Educational Guidelines Company 1968
Témata:
Tagy: Přidat tag
Žádné tagy, Buďte první, kdo otaguje tento záznam!
Thư viện lưu trữ: Trung tâm Học liệu Trường Đại học Cần Thơ
LEADER 00648nam a2200193Ia 4500
001 CTU_222024
008 210402s9999 xx 000 0 und d
082 |a 813 
082 |b R167 
100 |a Rambeau, John R. 
245 0 |a Explore 
245 0 |c John R. Rambeau, Nancy Rambeau 
260 |a Oklahoma City 
260 |b Educational Guidelines Company 
260 |c 1968 
520 |a Contents: The visitors; Yogi; coiled lightning; never shoot a medic; junk tanker; missing passenger 
650 |a Tiểu thuyết Mỹ,American fiction 
904 |i Tô Chánh Trung, Tuyến 
980 |a Trung tâm Học liệu Trường Đại học Cần Thơ